000 00585nam a2200181Ia 4500
008 090124s9999 xx 000 0 und d
082 _b18448
100 _aअष्टिकर मंदाकिनी
245 _a स्वप्नगंधा
250 _a1
260 _bमनोरमा प्रकाशन
_c1979
300 _a183
600 _aअष्टिकर मंदाकिनी
630 _a स्वप्नगंधा
700 _aअष्टिकर मंदाकिनी
730 _a स्वप्नगंधा
942 _cBOOK
999 _c89515
_d89515